The don flow home to the sea

Guardat en:
Dades bibliogràfiques
Autor principal: Sholokhov, Mikhail (Autor)
Format: Llibre
Idioma:anglès
Publicat: Nueva York Vintage Books 1966
Matèries:
Etiquetes: Afegir etiqueta
Sense etiquetes, Sigues el primer a etiquetar aquest registre!

MARC

LEADER 00000nam a2200000 a 4500
001 UCP2843
003 CL-VaPUC
008 990604e19660000US |||||||||||||||||eng|d
082 0 4 |a 891.703  |b SHO  |2 21 
100 0 |a Sholokhov, Mikhail  |e author  |9 429842 
245 1 4 |a The don flow home to the sea 
300 |a 777 p 
942 |c BK 
945 |d 19990604 00:00:00  |a rbrito 
260 |a Nueva York  |b Vintage Books  |c 1966 
650 0 |a Novelas rusas   |9 316330 
583 |a last modification  |c 19990604 00:00:00  |k Rodrigo Vera 
999 |c 281312  |d 281310 
952 |0 0  |1 0  |4 0  |6 891_703000000000000_SHO_1966  |7 0  |8 A  |9 322019  |a BIBEDU  |b BIBEDU  |d 2019-11-20  |i 3528510  |o 891.703 SHO 1966  |p 3528510  |r 2019-11-20  |w 2019-11-20  |y BK  |k LIT